000 00359nam a2200157Ia 4500
008 230917s9999||||xx |||||||||||||| ||und||
020 _cRS80
040 _e47774
_aMAIN
041 _aEnglish
082 _a843.6 B219O
100 _aBlazac, Honore De
245 0 _aOld Goriot
260 _aEngland
_bPenguin Books
_c1976
300 _a303 p.
942 _cBK
999 _c161312
_d161312